000 00201 a2200097 4500
001 8459
090 _c6825
_d6825
100 _aShaw, B
245 _aThe devil's disciple (Transfered to SOA)
260 _bLangmans
942 _aNUST-CAE
999 _c243532
_d243532